书目信息 |
| 题名: |
怎样识读建筑电气工程图
|
|
| 作者: | 徐第 , 孙俊英 编著 | |
| 分册: | ||
| 出版信息: | 北京 金盾出版社 2005.10 |
|
| 页数: | 203页 | |
| 开本: | 26cm | |
| 丛书名: | ||
| 单 册: | ||
| 中图分类: | TU85 | |
| 科图分类: | ||
| 主题词: | 建筑工程--jian zhu gong cheng--电气工程--工程制图--识图法 | |
| 电子资源: | ||
| ISBN: | 7-5082-3442-1 | |
| 000 | 00714nam0 2200229 450 | |
| 001 | CAL 012005085394 | |
| 005 | 20060427103729.53 | |
| 010 | @a7-5082-3442-1@dCNY 18.50 | |
| 099 | @aCAL 012005085394 | |
| 100 | @a20050530d2005 em y0chiy0121 ea | |
| 101 | 0 | @achi |
| 102 | @aCN@b110000 | |
| 200 | 1 | @a怎样识读建筑电气工程图@Azen yang shi du jian zhu dian qi gong cheng tu@f徐第, 孙俊英编著 |
| 210 | @a北京@c金盾出版社@d2005.10 | |
| 215 | @a203页@c图@d26cm | |
| 320 | @a有书目 (第203页) | |
| 606 | 0 | @a建筑工程@Ajian zhu gong cheng@x电气工程@x工程制图@x识图法 |
| 690 | @aTU85@v4 | |
| 701 | 0 | @a徐第@Axu di@4编著 |
| 701 | 0 | @a孙俊英@Asun jun ying@4编著 |
| 801 | 0 | @aCN@bSCT@c20060427 |
| 905 | @a10447@dTU85@eX693 | |
| 怎样识读建筑电气工程图/徐第, 孙俊英编著.-北京:金盾出版社,2005.10 |
| 203页:图;26cm |
| ISBN 7-5082-3442-1:CNY 18.50 |
| ● |
| 相关链接 |
|
|
|
正题名:怎样识读建筑电气工程图
索取号:TU85/X693
 
预约/预借
| 序号 | 登录号 | 条形码 | 馆藏地/架位号 | 状态 | 备注 |
| 1 | 601983 | 206019832 | 建筑库201/201建筑库 53排7列5层/ [索取号:TU85/X693] | 在馆 | |
| 2 | 601984 | 206019841 | 建筑库201/201建筑库 53排7列5层/ [索取号:TU85/X693] | 在馆 | |
| 3 | 601985 | 206019850 | 建筑库201/201建筑库 53排7列5层/ [索取号:TU85/X693] | 在馆 |